Normal view
MARC view
Entry Topical Term
001 - CONTROL NUMBER
- control field: 57239
003 - CONTROL NUMBER IDENTIFIER
- control field: OSt
005 - DATE AND TIME OF LATEST TRANSACTION
- control field: 20160514164357.0
008 - FIXED-LENGTH DATA ELEMENTS
- fixed length control field: 160514|| aca||aabn | a|a d
040 ## - CATALOGING SOURCE
- Original cataloging agency: OSt
- Transcribing agency: OSt
150 ## - HEADING--TOPICAL TERM
- Topical term or geographic name entry element: Novel
670 ## - SOURCE DATA FOUND
- Source citation: Work cat.: (OSt)19379: अम्मन, मीर 57238, बागो-बहार , 1995









